Entry Nombre personal
001 - NÚMERO DE CONTROL
- campo de control: 9559
003 - IDENTIFICADOR DEL NÚMERO DE CONTROL
- campo de control: BNPHU
005 - FECHA Y HORA DE LA ÚLTIMA TRANSACCIÓN
- campo de control: 20240408140601.0
008 - DATOS DE LONGITUD FIJA
- campo de control de longitud fija: 200615|| aca||aabn | a|a d
010 ## - NÚMERO DE CONTROL DE LA BIBLIOTECA DEL CONGRESO
- Número de control de LC: n 2011019945
040 ## - FUENTE DE LA CATALOGACIÓN
- Centro catalogador/agencia de origen: Do-SdBNP
- Lengua de catalogación: spa
- Centro/agencia transcriptor: BNPHU
- Normas de descripción: rda
100 ## - ENCABEZAMIENTO-NOMBRE DE PERSONA
- Nombre de persona: Medina, Danilo
370 ## - LUGAR ASOCIADO
- Lugar de nacimiento: Bohechío, San Juan de la Maguana
372 ## - CAMPO DE ACTIVIDAD
- Campo de actividad: Economista
- Campo de actividad: Político
400 1# - TRAZADO DE VÉASE--NOMBRE DE PERSONA
- Nombre de persona: Medina Sánchez, Danilo
400 1# - TRAZADO DE VÉASE--NOMBRE DE PERSONA
- Nombre de persona: Sánchez, Danilo Medina
510 ## - TRAZADO DE VÉASE ADEMÁS--NOMBRE DE ENTIDAD CORPORATIVA
- Nombre de entidad corporativa o nombre de jurisdicción como elemento de entrada: República Dominicana
- Unidad subordinada: Presidente (2016-2020 : Medina)
510 ## - TRAZADO DE VÉASE ADEMÁS--NOMBRE DE ENTIDAD CORPORATIVA
- Nombre de entidad corporativa o nombre de jurisdicción como elemento de entrada: República Dominicana
- Unidad subordinada: Presidente (2012-2016 : Medina)
670 ## - FUENTE DE DATOS ENCONTRADOS
- Cita de la fuente: Work cat.: (OSt)2846: Santos, Gedeón 9557, El PLD frente a la pobreza y la globalización /, 2000.
670 ## - FUENTE DE DATOS ENCONTRADOS
- Identificador Uniforme del Recurso: https://authorities.loc.gov/cgi-bin/Pwebrecon.cgi?AuthRecID=8595111&v1=1&HC=1&SEQ=20240408135153&PID=mgvFJhkC7VnC9_H3Qpd0qr6JvKV0 Consultado en : 08/04/2022
670 ## - FUENTE DE DATOS ENCONTRADOS
- Identificador Uniforme del Recurso: https://es.wikipedia.org/wiki/Danilo_Medina Consultado en: 08/04/2024
